[Event "Canadian op 48th"]
[Site "Toronto"]
[Date "2011.07.16"]
[Round "8"]
[White "Kagramanov, Dina"]
[Black "Fu, James"]
[Result "0-1"]
[WhiteElo "2100"]
[BlackElo "2051"]
[PlyCount "106"]
[EventDate "2011.07.09"]
[EventType "swiss"]
[EventRounds "9"]
[EventCountry "CAN"]
[SourceTitle "CBM 143 Extra"]
[Source "ChessBase"]
[SourceDate "2011.08.29"]
[SourceVersion "1"]
[SourceVersionDate "2011.08.29"]
[SourceQuality "1"]

1. e4 Nc6 2. Nf3 e5 3. Bc4 Bc5 4. c3 Nf6 5. d3 h6 6. Nbd2 d6 7. h3 0-0 8. 0-0 a6 9. b4 Bb6 10. Re1 g5 11. Nh2 Ne7 12. Ndf1 Ng6 13. Ng3 c6 14. Be3 d5 15. Bxb6 Qxb6 16. Bb3 d4 17. Nf5 dxc3 18. Nxh6+ Kg7 19. Nf5+ Bxf5 20. exf5 Nf4 21. Rxe5 Qxb4 22. Ng4 Rad8 23. Nxf6 Kxf6 24. Re4 Rd4 25. Qf3 c2 26. h4 Rxe4 27. hxg5+ Kxg5 28. dxe4 Qc3 29. Qxc3 Ne2+ 30. Kf1 Nxc3 31. Bxc2 Rh8 32. f4+ Kxf4 33. Kg1 f6 34. Re1 Nxa2 35. e5 fxe5 36. f6 Rf8 37. f7 Nc3 38. g3+ Kf3 39. Bg6 Ne2+ 40. Kf1 Nxg3+ 41. Kg1 Ne2+ 42. Kf1 Nf4 43. Bc2 Rxf7 44. Rxe5 Nd5 45. Ke1 Re7 46. Rxe7 Nxe7 47. Kd2 Kf4 48. Kc3 Ke5 49. Kb4 b6 50. Bd3 a5+ 51. Ka4 Kd4 52. Be2 Kc5 53. Bd3 Nd5 0-1

[Event "Olympiad Women-39"]
[Site "Khanty-Mansiysk"]
[Date "2010.09.27"]
[Round "6.17"]
[White "Kagramanov, Dina"]
[Black "Ziaziulkina, Nastassia"]
[Result "0-1"]
[WhiteElo "2086"]
[BlackElo "2284"]
[PlyCount "82"]
[EventDate "2010.09.21"]
[EventType "team-swiss"]
[EventRounds "11"]
[EventCountry "RUS"]
[SourceTitle "CBM 139"]
[Source "ChessBase"]
[SourceDate "2010.11.18"]
[SourceVersion "1"]
[SourceVersionDate "2010.11.18"]
[SourceQuality "1"]
[WhiteTeam "Canada (W)"]
[BlackTeam "Belarus (W)"]
[WhiteTeamCountry "CAN"]
[BlackTeamCountry "BLR"]

1. e4 c5 2. Nf3 d6 3. d4 cxd4 4. Nxd4 Nf6 5. Nc3 e6 6. Be2 Be7 7. Be3 0-0 8. f3 a6 9. Qd2 b5 10. g4 Bb7 11. g5 Nfd7 12. h4 b4 13. Nd1 d5 14. exd5 Bxd5 15. Nf2 Ne5 16. Rh3 Nbd7 17. f4 Nc6 18. Nxc6 Bxc6 19. Nd3 Qa5 20. Bg4 Rfd8 21. h5 Nc5 22. Bxc5 Bxc5 23. g6 f5 24. gxh7+ Kh8 25. Bf3 Be4 26. h6 Ra7 27. Qg2 Bxd3 28. cxd3 b3+ 29. Ke2 Bd4 30. Bb7 Qc7 31. hxg7+ Bxg7 32. Bc6 Rc8 33. Ba4 Qc2+ 34. Kf1 Qxg2+ 35. Kxg2 Bxb2 36. Re1 bxa2 37. Rhh1 Rxh7 38. Rhf1 Rg8+ 39. Kf2 Rh2+ 40. Kf3 Rh3+ 41. Kf2 Bd4+ 0-1

[Event "Olympiad Women-39"]
[Site "Khanty-Mansiysk"]
[Date "2010.09.24"]
[Round "4.16"]
[White "Kagramanov, Dina"]
[Black "Berzina, Ilze"]
[Result "0-1"]
[WhiteElo "2086"]
[BlackElo "2283"]
[PlyCount "54"]
[EventDate "2010.09.21"]
[EventType "team-swiss"]
[EventRounds "11"]
[EventCountry "RUS"]
[SourceTitle "CBM 139"]
[Source "ChessBase"]
[SourceDate "2010.11.18"]
[SourceVersion "1"]
[SourceVersionDate "2010.11.18"]
[SourceQuality "1"]
[WhiteTeam "Canada (W)"]
[BlackTeam "Latvia (W)"]
[WhiteTeamCountry "CAN"]
[BlackTeamCountry "LAT"]

1. e4 e5 2. Nf3 Nc6 3. Bc4 Nf6 4. d3 Bc5 5. c3 d6 6. Nbd2 0-0 7. h3 a6 8. Bb3 Ba7 9. Nf1 Ne7 10. g4 Ng6 11. Ng3 Be6 12. Bxe6 fxe6 13. Bg5 d5 14. 0-0 Nf4 15. Kh2 h6 16. Bxf4 exf4 17. Nh5 Nh7 18. Qc1 g6 19. Nxf4 g5 20. Nxg5 hxg5 21. Nh5 dxe4 22. dxe4 Rf3 23. e5 Qd3 24. Kg2 Qe4 25. Kh2 Qxe5+ 26. Kg1 Rxh3 27. Re1 Qh2+ 0-1

[Event "Kitchener"]
[Site "Kitchener"]
[Date "2010.08.31"]
[Round "3"]
[White "Kagramanov, Dina"]
[Black "Egorov, Mikhail"]
[Result "0-1"]
[WhiteElo "2196"]
[BlackElo "2220"]
[PlyCount "94"]
[EventDate "2010.07.30"]
[EventType "swiss"]
[EventRounds "7"]
[EventCountry "CAN"]
[SourceTitle "EXT 2022"]
[Source "ChessBase"]
[SourceDate "2021.10.06"]
[SourceVersion "1"]
[SourceVersionDate "2021.10.06"]
[SourceQuality "1"]

1. e4 c5 2. Nf3 Nc6 3. Bb5 g6 4. 0-0 Bg7 5. c3 Nf6 6. Re1 0-0 7. d3 Qb6 8. Bc4 d6 9. Na3 Bg4 10. h3 Bxf3 11. Qxf3 Ne5 12. Qe2 Nxc4 13. Nxc4 Qc7 14. Bg5 b5 15. Ne3 e6 16. Qf3 Nd7 17. Ng4 Ne5 18. Nf6+ Kh8 19. Qf4 Nd7 20. Rad1 e5 21. Nd5 Qc8 22. Qg3 f6 23. Be3 Nb6 24. d4 Nxd5 25. exd5 cxd4 26. cxd4 f5 27. Bg5 f4 28. Qh4 Qd7 29. dxe5 Bxe5 30. Re4 Qf5 31. Rde1 Rac8 32. Rb4 a6 33. a4 Rc4 34. Rxc4 bxc4 35. Bh6 Rg8 36. Qe7 g5 37. f3 Bxb2 38. Qe6 Bd4+ 39. Kh1 Qxe6 40. dxe6 Be3 41. e7 Re8 42. Bxg5 h6 43. Bxh6 c3 44. Re2 Bd2 45. Bg5 Kg7 46. Re6 c2 47. Bf6+ Kf7 0-1

[Event "Canadian op"]
[Site "Toronto"]
[Date "2010.07.12"]
[Round "3"]
[White "Sapozhnikov, Roman"]
[Black "Kagramanov, Dina"]
[Result "1-0"]
[WhiteElo "2248"]
[BlackElo "2117"]
[PlyCount "61"]
[EventDate "2010.07.10"]
[EventType "swiss"]
[EventRounds "9"]
[EventCountry "CAN"]
[SourceTitle "CBM 137 Extra"]
[Source "ChessBase"]
[SourceDate "2010.09.01"]
[SourceVersion "1"]
[SourceVersionDate "2010.09.01"]
[SourceQuality "1"]

1. e4 e5 2. Nf3 Nc6 3. d4 exd4 4. Nxd4 Bc5 5. Nxc6 Qf6 6. Qf3 Qxc6 7. Nc3 a6 8. Bd3 Ne7 9. Bd2 d6 10. Nd5 Ng6 11. Bc3 Rg8 12. Qh5 Be6 13. Qxh7 Kd7 14. 0-0-0 Qa4 15. Kb1 c6 16. b3 Qa3 17. Ne3 Bxe3 18. fxe3 a5 19. Bxg7 a4 20. Bb2 Qc5 21. Rhf1 Ne5 22. Bxe5 Qxe5 23. Bc4 Rgf8 24. Bxe6+ Qxe6 25. e5 d5 26. Rf6 Qe7 27. Rdf1 Ke8 28. e6 axb3 29. cxb3 Qa3 30. R1f2 Qb4 31. Rxf7 1-0

[Event "CAN-ch (Women)"]
[Site "Kitchener"]
[Date "2009.08.04"]
[Round "1"]
[White "Kagramanov, Dina"]
[Black "Serbanescu, Natasa"]
[Result "1-0"]
[WhiteElo "2093"]
[BlackElo "1849"]
[PlyCount "61"]
[EventDate "2009.08.03"]
[EventType "tourn"]
[EventRounds "7"]
[EventCountry "CAN"]
[SourceTitle "EXT 2011"]
[Source "ChessBase"]
[SourceDate "2010.11.26"]
[SourceVersion "1"]
[SourceVersionDate "2010.11.26"]
[SourceQuality "1"]

1. e4 c5 2. Nf3 Nc6 3. Bb5 d6 4. 0-0 e5 5. c3 Nf6 6. d4 Qc7 7. d5 a6 8. Ba4 b5 9. dxc6 bxa4 10. Qxa4 Be7 11. Re1 0-0 12. c4 Bg4 13. Nc3 Bd8 14. Nd5 Qa5 15. Qd1 Nxd5 16. cxd5 Bxf3 17. gxf3 f5 18. f4 Bf6 19. exf5 Rae8 20. Bd2 Qd8 21. Qh5 e4 22. Bc3 Bxc3 23. bxc3 Qf6 24. Re3 Qxf5 25. Qxf5 Rxf5 26. c4 Rxf4 27. Rb1 Ref8 28. Re2 e3 29. Rxe3 Rxf2 30. Rbe1 Rxa2 31. c7 1-0

[Event "CAN-ch (Women)"]
[Site "Kitchener"]
[Date "2009.08.03"]
[Round "7"]
[White "Starr, Nava"]
[Black "Kagramanov, Dina"]
[Result "1/2-1/2"]
[WhiteElo "2173"]
[BlackElo "2093"]
[PlyCount "108"]
[EventDate "2009.08.03"]
[EventType "tourn"]
[EventRounds "7"]
[EventCountry "CAN"]
[SourceTitle "EXT 2011"]
[Source "ChessBase"]
[SourceDate "2010.11.26"]
[SourceVersion "1"]
[SourceVersionDate "2010.11.26"]
[SourceQuality "1"]

1. e4 c5 2. Nc3 Nc6 3. f4 g6 4. Nf3 Bg7 5. a3 d6 6. Bc4 Nh6 7. d3 Bg4 8. h3 Bxf3 9. Qxf3 Nd4 10. Qf2 0-0 11. g4 Kh8 12. f5 gxf5 13. g5 Ng8 14. exf5 b5 15. Ba2 e6 16. f6 Nxf6 17. gxf6 Bxf6 18. Kd1 Bh4 19. Qf1 b4 20. axb4 cxb4 21. Ne2 Nf5 22. Bb3 Qb6 23. Qf3 Rg8 24. Rf1 Raf8 25. Bf4 Rg6 26. Qe4 Rfg8 27. Bd2 Rg2 28. d4 Bf6 29. Rxf5 exf5 30. Qxf5 Bxd4 31. Qxf7 a5 32. Bd5 R2g7 33. Qf3 Re8 34. c3 Be3 35. Bxe3 Qxe3 36. Rxa5 Qb6 37. cxb4 Qxb4 38. Qc3 Qb6 39. Nd4 Rc7 40. Nc6+ Rg7 41. Ra7 Qg1+ 42. Kc2 Re2+ 43. Kb3 Re8 44. Rxg7 Qxg7 45. Qxg7+ Kxg7 46. Kc4 Re3 47. b4 Rxh3 48. b5 Rh4+ 49. Kd3 Rh3+ 50. Kd4 Rh2 51. Nb4 Rh4+ 52. Be4 Rh5 53. Nd5 Rh2 54. Kc4 Re2 1/2-1/2

[Event "Canadian op"]
[Site "Edmonton"]
[Date "2009.07.11"]
[Round "1"]
[White "Robertson, Trevor"]
[Black "Kagramanov, Dina"]
[Result "0-1"]
[WhiteElo "1651"]
[BlackElo "2093"]
[PlyCount "58"]
[EventDate "2009.07.11"]
[EventType "swiss"]
[EventRounds "9"]
[EventCountry "CAN"]
[SourceTitle "CBM 132 Extra"]
[Source "ChessBase"]
[SourceDate "2009.11.03"]
[SourceVersion "1"]
[SourceVersionDate "2009.11.03"]
[SourceQuality "1"]

1. d4 d5 2. c4 e6 3. Nf3 c6 4. Nc3 dxc4 5. e4 b5 6. a3 Bb7 7. Bf4 a5 8. Be2 Nf6 9. 0-0 Be7 10. Re1 0-0 11. Ng5 h6 12. Nh3 Qb6 13. Bf3 Rd8 14. Be3 Nbd7 15. Qc2 c5 16. d5 Ne5 17. Nf4 Nxf3+ 18. gxf3 exd5 19. exd5 Nxd5 20. Ncxd5 Bxd5 21. Nxd5 Rxd5 22. Kf1 Rad8 23. Bxh6 Qxh6 24. Rxe7 Qxh2 25. Rae1 Qh3+ 26. Ke2 Rd3 27. Re3 Rxe3+ 28. Kxe3 Re8+ 29. Kd2 Qd7+ 0-1

[Event "CAN-ch (Women)"]
[Site "Kitchener"]
[Date "2007.08.04"]
[Round "4"]
[White "Serbanescu, Natasa"]
[Black "Kagramanov, Dina"]
[Result "0-1"]
[WhiteElo "1858"]
[BlackElo "2108"]
[PlyCount "76"]
[EventDate "2007.08.01"]
[EventType "tourn"]
[EventRounds "7"]
[EventCountry "CAN"]
[SourceTitle "EXT 2022"]
[Source "ChessBase"]
[SourceDate "2021.10.06"]
[SourceVersion "1"]
[SourceVersionDate "2021.10.06"]
[SourceQuality "1"]

1. e4 c5 2. Nf3 e6 3. d4 cxd4 4. Nxd4 a6 5. Nc3 b5 6. a3 Bb7 7. Be2 b4 8. axb4 Bxb4 9. 0-0 Bxc3 10. bxc3 Qc7 11. Qd3 Nf6 12. Bf3 Nc6 13. Nxc6 Bxc6 14. Ba3 Bb5 15. Qd6 Qxd6 16. Bxd6 Bxf1 17. Kxf1 e5 18. Ra5 Kd8 19. Rxe5 Re8 20. Rxe8+ Nxe8 21. e5 Rc8 22. Bb4 Kc7 23. Ba5+ Kb8 24. Bg4 Rc5 25. Bb4 Rxe5 26. Bxd7 Kc7 27. Ba4 Nd6 28. Bb3 a5 29. Ba3 Nb5 30. Bf8 g6 31. Bg7 Rc5 32. c4 Nd6 33. Bd4 Rc6 34. c5 Nf5 35. Be5+ Kc8 36. Bb2 Rxc5 37. Ba3 Rb5 38. Bxf7 Nd4 0-1

[Event "CAN-ch (Women)"]
[Site "Kitchener"]
[Date "2007.08.01"]
[Round "2"]
[White "Glenda, Baylon"]
[Black "Kagramanov, Dina"]
[Result "0-1"]
[WhiteElo "1997"]
[BlackElo "2108"]
[PlyCount "84"]
[EventDate "2007.08.01"]
[EventType "tourn"]
[EventRounds "7"]
[EventCountry "CAN"]
[SourceTitle "EXT 2022"]
[Source "ChessBase"]
[SourceDate "2021.10.06"]
[SourceVersion "1"]
[SourceVersionDate "2021.10.06"]
[SourceQuality "1"]

1. d4 d5 2. c4 e6 3. Nc3 c6 4. e3 Nf6 5. Nf3 Nbd7 6. Bd3 dxc4 7. Bxc4 b5 8. Bd3 Bb7 9. 0-0 a6 10. Qe2 c5 11. dxc5 Nxc5 12. Rd1 Nxd3 13. Rxd3 Qc7 14. e4 Be7 15. Bg5 b4 16. e5 Nh5 17. Ne4 Bxg5 18. Nd6+ Ke7 19. Nxg5 Nf4 20. Qd2 Nxd3 21. Qxd3 Qc6 22. f3 f6 23. Nxb7 fxg5 24. Qe3 Qxb7 25. Qxg5+ Kf7 26. Qf4+ Kg8 27. Rd1 Qb6+ 28. Kh1 Rd8 29. Rc1 h6 30. h3 Qd4 31. Qg3 Kh7 32. Rc6 Rhe8 33. h4 Qe3 34. Rc7 Rd1+ 35. Kh2 Rg8 36. Re7 Qe1 37. Qxe1 Rxe1 38. Rxe6 a5 39. f4 Rf8 40. Kg3 Re4 41. Ra6 Rexf4 42. Rxa5 R4f5 0-1

[Event "Canadian op"]
[Site "Ottawa"]
[Date "2007.07.08"]
[Round "3"]
[White "Yermolinsky, Alex"]
[Black "Kagramanov, Dina"]
[Result "1-0"]
[WhiteElo "2517"]
[BlackElo "2108"]
[PlyCount "91"]
[EventDate "2007.07.07"]
[EventType "swiss"]
[EventRounds "10"]
[EventCountry "CAN"]
[SourceTitle "CBM 119 Extra"]
[Source "ChessBase"]
[SourceDate "2007.09.04"]
[SourceVersion "1"]
[SourceVersionDate "2007.09.04"]
[SourceQuality "1"]

1. Nf3 d5 2. g3 Nf6 3. Bg2 c6 4. 0-0 Bg4 5. c4 e6 6. cxd5 exd5 7. d3 Bc5 8. a3 0-0 9. Qc2 Qe7 10. Nc3 Re8 11. b4 Bb6 12. e3 Nbd7 13. Na4 Bc7 14. Bb2 Ne5 15. Nxe5 Bxe5 16. Rfe1 a5 17. Bxe5 Qxe5 18. Nc5 axb4 19. d4 Qh5 20. axb4 Rxa1 21. Rxa1 Bh3 22. Nxb7 h6 23. Nc5 Bf5 24. Qd2 Bh3 25. f3 Bxg2 26. Kxg2 Qg5 27. Re1 h5 28. h4 Qf5 29. Nd3 g5 30. hxg5 Qxg5 31. Ne5 h4 32. g4 Nh5 33. Qc2 Kg7 34. f4 h3+ 35. Kxh3 Nxf4+ 36. exf4 Qxf4 37. Kg2 Qxd4 38. Qf5 Qd2+ 39. Qf2 Qxf2+ 40. Kxf2 Re6 41. Nf3 Rd6 42. Nd4 Rf6+ 43. Kg3 Kg6 44. Rc1 Kg5 45. Rxc6 Rxc6 46. Nxc6 1-0

[Event "Canada zt"]
[Site "Toronto"]
[Date "2006.08.21"]
[Round "4"]
[White "Bolduc, Steve"]
[Black "Kagramanov, Dina"]
[Result "1-0"]
[WhiteElo "2177"]
[BlackElo "2076"]
[PlyCount "51"]
[EventDate "2006.08.18"]
[EventType "swiss"]
[EventRounds "9"]
[EventCountry "CAN"]
[SourceTitle "CBM 113 Extra"]
[Source "ChessBase"]
[SourceDate "2006.09.14"]
[SourceVersion "1"]
[SourceVersionDate "2006.09.14"]
[SourceQuality "1"]

1. d4 d5 2. Nf3 Nf6 3. c4 e6 4. g3 dxc4 5. Bg2 Be7 6. 0-0 0-0 7. Na3 Nc6 8. Nxc4 a6 9. a3 Rb8 10. e3 Bd7 11. Qc2 Rc8 12. Bd2 b5 13. Nce5 Nxe5 14. Nxe5 c5 15. Nxd7 Qxd7 16. dxc5 Rxc5 17. Bc3 Qc7 18. Rfd1 Rc8 19. Qb3 a5 20. Bd4 a4 21. Qb4 Rf5 22. Qd2 e5 23. Rac1 Qb8 24. Ba7 Qxa7 25. Rxc8+ Bf8 26. Qd8 1-0

[Event "Canadian op"]
[Site "Kitchener"]
[Date "2006.07.15"]
[Round "1"]
[White "Arencibia Rodriguez, Walter"]
[Black "Kagramanov, Dina"]
[Result "1-0"]
[WhiteElo "2539"]
[BlackElo "2076"]
[PlyCount "141"]
[EventDate "2006.07.15"]
[EventType "swiss"]
[EventRounds "9"]
[EventCountry "CAN"]
[SourceTitle "CBM 113 Extra"]
[Source "ChessBase"]
[SourceDate "2006.09.14"]
[SourceVersion "1"]
[SourceVersionDate "2006.09.14"]
[SourceQuality "1"]

1. d4 d5 2. c4 e6 3. Nc3 Nf6 4. Bg5 Be7 5. e3 b6 6. Nf3 Bb7 7. Rc1 0-0 8. cxd5 exd5 9. Bd3 Ne4 10. Bxe7 Qxe7 11. Qb3 Rd8 12. Ne5 Nd7 13. Nxf7 Nxf2 14. Nh6+ Kh8 15. Kxf2 Qh4+ 16. Ke2 Qxh6 17. Rcf1 c5 18. Qa4 Bc6 19. Bb5 Bxb5+ 20. Qxb5 Qg6 21. Kd1 a6 22. Qe2 b5 23. Qc2 Qe6 24. Rf3 cxd4 25. exd4 b4 26. Ne2 Rac8 27. Qd3 Nf6 28. Rhf1 Qc6 29. Rf5 Re8 30. Re5 Rxe5 31. dxe5 Ne4 32. Rf3 Qc5 33. Ke1 h6 34. e6 Re8 35. Nf4 Qc1+ 36. Qd1 Qxb2 37. Qxd5 Qc1+ 38. Qd1 Qxd1+ 39. Kxd1 g5 40. Nd3 a5 41. Rf5 Rxe6 42. Rxa5 Nc3+ 43. Kc2 Re2+ 44. Kb3 Rxg2 45. Nxb4 Ne4 46. Re5 Nd2+ 47. Kc3 Rxh2 48. a4 Rh4 49. Rb5 Ne4+ 50. Kd3 Nd6 51. Rb8+ Kg7 52. a5 Rh3+ 53. Kd4 Ra3 54. Kd5 Rxa5+ 55. Kxd6 Kg6 56. Ke6 Ra1 57. Rg8+ Kh5 58. Nd5 Kg4 59. Nf6+ Kf4 60. Rb8 Ra4 61. Rb1 g4 62. Nh5+ Kf3 63. Rb3+ Kf2 64. Kf5 Rc4 65. Ra3 Rb4 66. Nf4 h5 67. Nd3+ Kg2 68. Nxb4 g3 69. Nd5 h4 70. Kg4 Kh2 71. Nf4 1-0

[Event "Toronto zt 2.2 (Women)"]
[Site "Toronto"]
[Date "2004.04.10"]
[Round "3"]
[White "Kagramanov, Dina"]
[Black "Smith, Hazel"]
[Result "0-1"]
[WhiteElo "2044"]
[BlackElo "2051"]
[PlyCount "98"]
[EventDate "2004.04.09"]
[EventType "swiss"]
[EventRounds "6"]
[EventCountry "CAN"]
[SourceTitle "CBM 099 Extra"]
[Source "ChessBase"]
[SourceDate "2004.05.04"]
[SourceVersion "1"]
[SourceVersionDate "2004.05.04"]
[SourceQuality "1"]

1. e4 e6 2. d4 d5 3. exd5 exd5 4. Nf3 Bd6 5. Bd3 Nc6 6. h3 Nge7 7. 0-0 Nb4 8. Bb5+ Bd7 9. Bxd7+ Qxd7 10. a3 Nbc6 11. Nc3 0-0-0 12. Nb5 f6 13. Nxd6+ Qxd6 14. Qd3 g5 15. b4 h5 16. Bd2 Rde8 17. b5 Nd8 18. Rfe1 Qd7 19. Bb4 Nf5 20. Rxe8 Rxe8 21. Re1 Rg8 22. Nd2 g4 23. Nb3 b6 24. a4 Nb7 25. c4 gxh3 26. Qxh3 dxc4 27. Nd2 Rg5 28. Ne4 Rg6 29. Qxh5 Rh6 30. Qg4 Nd8 31. Bd2 Rh4 32. Qf3 Nxd4 33. Qxf6 Nf5 34. Bg5 Rh7 35. Nc3 Rf7 36. Qe5 Rf8 37. Rd1 Nd6 38. Qd5 N8b7 39. Ne4 Kb8 40. Qxc4 Qf5 41. Qe2 Nxe4 42. Bh6 Rh8 43. Re1 Nbd6 44. f3 Ng3 45. Qf2 Qg6 46. Re7 Rxh6 47. Qd2 Rh1+ 48. Kf2 Rf1+ 49. Ke3 Nc4+ 0-1

[Event "Toronto-A"]
[Site "Toronto"]
[Date "2004.02.22"]
[Round "6"]
[White "Kagramanov, Dina"]
[Black "Southam, David"]
[Result "0-1"]
[WhiteElo "2044"]
[BlackElo "2106"]
[PlyCount "104"]
[EventDate "2004.01.??"]
[EventType "tourn"]
[EventRounds "11"]
[EventCountry "CAN"]
[SourceTitle "EXT 2005"]
[Source "ChessBase"]
[SourceDate "2004.11.15"]
[SourceVersion "1"]
[SourceVersionDate "2004.11.15"]
[SourceQuality "1"]

1. e4 e6 2. d4 d5 3. Nc3 Bb4 4. e5 c5 5. Bd2 Ne7 6. Qg4 cxd4 7. Qxd4 Nbc6 8. Bb5 0-0 9. Bxc6 Nxc6 10. Qf4 d4 11. Nce2 Bxd2+ 12. Qxd2 Nxe5 13. Qxd4 Qc7 14. Qc3 Nc6 15. Nf3 e5 16. h3 f6 17. 0-0 Be6 18. Rfe1 Rfc8 19. Qd2 Qe7 20. Nc3 Rd8 21. Qe2 Qf7 22. Qe4 h6 23. Qe3 Nb4 24. Rec1 Bf5 25. Qe2 Rac8 26. a3 Nd5 27. Nxd5 Rxd5 28. c3 Rcd8 29. Rd1 Qd7 30. Rxd5 Qxd5 31. Qe3 b6 32. Re1 Qb5 33. Qe2 Qb3 34. Rc1 Be6 35. Qc2 b5 36. Qxb3 Bxb3 37. Re1 Kf7 38. Re2 Rd5 39. Kh2 Bd1 40. Re3 Bxf3 41. Rxf3 Rd2 42. b3 Ra2 43. c4 Rxa3 44. cxb5 Ra5 45. Rc3 Rxb5 46. Rc7+ Kg6 47. Rxa7 Rxb3 48. Re7 Rb2 49. Kg3 Rb5 50. Kf3 f5 51. Re6+ Kg5 52. g3 g6 0-1

[Event "Wch U18 Girls"]
[Site "Chalkidiki"]
[Date "2003.10.25"]
[Round "3"]
[White "Kagramanov, Dina"]
[Black "Raeva, Elitsa"]
[Result "1-0"]
[WhiteElo "2071"]
[BlackElo "2174"]
[PlyCount "89"]
[EventDate "2003.10.23"]
[EventType "swiss"]
[EventRounds "11"]
[EventCountry "GRE"]
[SourceTitle "EXT 2004"]
[Source "ChessBase"]
[SourceDate "2003.11.25"]
[SourceVersion "1"]
[SourceVersionDate "2003.11.25"]
[SourceQuality "1"]

1. e4 c5 2. Nf3 Nc6 3. Bb5 g6 4. 0-0 Bg7 5. c3 e5 6. d4 exd4 7. cxd4 Nxd4 8. Nxd4 Bxd4 9. Nc3 Ne7 10. Bh6 a6 11. Bc4 b5 12. Bd5 Nxd5 13. exd5 d6 14. Re1+ Kd7 15. Qf3 Qf6 16. Qg3 Be5 17. Ne4 Qf5 18. Nxc5+ Kd8 19. Qe3 Qh5 20. Bf4 Re8 21. Nd3 Rb8 22. Bxe5 dxe5 23. Nxe5 Rxe5 24. Qxe5 Qxe5 25. Rxe5 f6 26. Re3 Rb6 27. Rae1 Bd7 28. b4 Rd6 29. Rd1 Bc6 30. Red3 Bb7 31. Kf1 f5 32. f4 Ke7 33. Kf2 Kf6 34. Ke3 h6 35. h4 Ba8 36. Rc3 Rxd5 37. Rxd5 Bxd5 38. g3 Bxa2 39. Rc6+ Kf7 40. Rxa6 Bc4 41. Kd4 Be2 42. Ke5 g5 43. hxg5 hxg5 44. fxg5 Bd3 45. Rf6+ 1-0

[Event "Wch U18 Girls"]
[Site "Chalkidiki"]
[Date "2003.10.23"]
[Round "1"]
[White "Kagramanov, Dina"]
[Black "Zdebskaja, Natalia"]
[Result "0-1"]
[WhiteElo "2071"]
[BlackElo "2331"]
[PlyCount "44"]
[EventDate "2003.10.23"]
[EventType "swiss"]
[EventRounds "11"]
[EventCountry "GRE"]
[SourceTitle "EXT 2004"]
[Source "ChessBase"]
[SourceDate "2003.11.25"]
[SourceVersion "1"]
[SourceVersionDate "2003.11.25"]
[SourceQuality "1"]

1. e4 c6 2. d4 d5 3. exd5 cxd5 4. c4 Nf6 5. Nc3 e6 6. Nf3 Bb4 7. cxd5 Nxd5 8. Bd2 Nc6 9. Bd3 0-0 10. 0-0 Be7 11. a3 Nf6 12. Bg5 b6 13. Re1 Bb7 14. Bc2 Rc8 15. Qd3 g6 16. h4 Nd5 17. Nxd5 Qxd5 18. Bxe7 Nxe7 19. Re5 Qd6 20. Bd1 Rfd8 21. h5 Bxf3 22. Bxf3 Qxe5 0-1

[Event "Olympiad Women-35"]
[Site "Bled"]
[Date "2002.11.07"]
[Round "12.2"]
[White "Kagramanov, Dina"]
[Black "Houska, Jovanka"]
[Result "0-1"]
[WhiteElo "2088"]
[BlackElo "2397"]
[PlyCount "82"]
[EventDate "2002.10.26"]
[EventType "team-swiss"]
[EventRounds "14"]
[EventCountry "SLO"]
[SourceTitle "EXT 2003"]
[Source "ChessBase"]
[SourceDate "2002.11.25"]
[SourceVersion "1"]
[SourceVersionDate "2002.11.25"]
[SourceQuality "1"]
[WhiteTeam "Canada (W)"]
[BlackTeam "England (W)"]
[WhiteTeamCountry "CAN"]
[BlackTeamCountry "ENG"]

1. e4 d5 2. exd5 Qxd5 3. Nc3 Qa5 4. d4 c6 5. Bc4 Nf6 6. Nf3 Bf5 7. Bd2 e6 8. Nd5 Qd8 9. Nxf6+ Qxf6 10. Qe2 Nd7 11. d5 cxd5 12. Bxd5 Bd6 13. Bc3 Bb4 14. Bxb4 Qxb2 15. 0-0 Qxb4 16. Rab1 Qc5 17. Bxb7 Rd8 18. Be4 Bxe4 19. Qxe4 0-0 20. Rb7 Qa5 21. Qc6 Nb6 22. c4 Qxa2 23. c5 Nc4 24. Ng5 Qd2 25. h4 h6 26. Ne4 Qd4 27. Rb4 a5 28. Ra4 Qd3 29. Re1 Rd4 30. Qb7 Rfd8 31. f3 Nd2 32. Rxa5 Nxe4 33. fxe4 Qg3 34. Raa1 Rd2 35. e5 Qf2+ 36. Kh1 Qxh4+ 37. Kg1 Qd4+ 38. Kh1 Qxc5 39. Rf1 Rf2 40. Rfe1 Rf5 41. Rac1 Rh5# 0-1